00686nam a2200205 a 450000100100000000500170001000800410002702000150006804000250008308200180010810000330012624500740015926000440023330000400027749000240031765000220034165000260036365100670038983000240045600002296220200930021910.0101123s1990 sp ab r 000 0 spa d a8439717083 aDO-SdBNPbspacBNPHU a863.64bA639t1 aAparicio, Juan Pedro,d1941-10aEl transcantábrico :bviaje en "el hullero" /cJuan Pedro Aparicio. aMadrid, (España) :bMondadori,c1990. a177, [2] p. :bil., mapas ;c20 cm.1 aNarrativa Mondadori 4aNovela española 4aLiteratura española 4aCantabria (Región De España{Rpara}xDescripciones Y Viajes 0aNarrativa Mondadori